|
|
|
|
| LEADER |
01379nam a22002777a 4500 |
| 001 |
35945 |
| 003 |
BD-DhAAL |
| 005 |
20250622151208.0 |
| 008 |
211028r19861996bg ||||| b||| 00| 0 ben d |
| 020 |
|
|
|a 984073346-X
|
| 040 |
|
|
|a BD-DhAAL
|d BD-DhAAL
|
| 041 |
|
|
|a ben
|
| 082 |
|
|
|a 891.44
|
| 100 |
|
|
|a জলিল, মুহম্মদ আবদুল.
|9 42276
|
| 245 |
|
|
|a মধ্যযুগের বাংলা সাহীত্যে :
|b বাংলা ও বাঙালী সমাজ /
|c মুহম্মদ আবদুল জলিল.
|
| 246 |
|
|
|a Madhyayuger bangla sahitye :
|b bangla o banalee samaj
|
| 260 |
|
|
|a ঢাকা :
|b বাংলা একাডেমি,
|c ১৯৯৬ [প্রথম পুনমুর্দ্রন].
|
| 300 |
|
|
|a ১৪১ পৃষ্ঠা ;
|c ২১ সে.মি.
|
| 504 |
|
|
|a গ্রন্থপঞ্জিগত নির্দেশিকা অন্তভূক্ত।
|
| 526 |
|
|
|a BIED
|
| 541 |
|
|
|a Complimentary copy from BIED
|e 35945
|
| 650 |
|
|
|a Bengali Literature.
|9 42289
|
| 852 |
|
|
|a Ayesha Abed Library
|c BIED Collection
|
| 942 |
|
|
|2 ddc
|c BK
|
| 999 |
|
|
|c 43291
|d 43291
|
| 952 |
|
|
|0 0
|1 0
|2 ddc
|4 0
|6 891_440000000000000_JAL
|7 0
|9 69448
|a BRACUL
|b BRACUL
|c GEN
|d 2021-10-28
|e Complimentary copy from BIED
|l 1
|o 891.44 JAL
|p 3010035945
|r 2024-04-23
|s 2024-04-21
|t 1
|w 2021-10-28
|y BK
|x Transferred from BIED to General Stacks
|